000 00647nam a2200181Ia 4500
999 _c19025
_d19025
082 _a338.1095479 BRA-;
100 _aBrahme, Sulabha
245 0 _aRegional planning: a case study of Marathwada region
260 _aPoona
_bGokhale Institute of Politics and Economics
_c1975
300 _a187p.
650 _aUrbanization - Marathwada region (Maharashtra)
650 _aAgricultural productivity - Marathwada region (Maharashtra)
650 _aAgriculture - Economic aspects - Marathwada region (Maharashtra)
650 _aRegional planning - Marathwada region (Maharashtara)
700 _aPore,S.H.
700 _aPore, Kumud
942 _cBK